Našou úlohou je stabilita meny Viceguvernér NBS Marian Jusko
Rozhovor s viceguvernérom NBS M. Juskom o situácii v slovenskom bankovníctve. Podnikatelia, banky a úvery. Vysoké úroky, úplatkárstvo v bankovníctve. Devalvácia SK, menový vývoj a vývoj národného hospodárstva. Objem zahraničných investícií na Slovensku z ČR.
Salvato in:
| Autore principale: | |
|---|---|
| Altri autori: | |
| Natura: | Capitolo di libro |
| Lingua: | slovacco |
| Soggetti: | |
| Tags: |
Nessun Tag, puoi essere il primo ad aggiungerne!!
|
MARC
| LEADER | 00000naa a2200000 4500 | ||
|---|---|---|---|
| 001 | r015600 | ||
| 005 | 20221213081945.2 | ||
| 041 | 0 | |a slo | |
| 044 | |a CZ | ||
| 245 | 1 | 0 | |a Našou úlohou je stabilita meny |b Viceguvernér NBS Marian Jusko |c Marián Jusko, M. Zábojníková |
| 520 | |a Rozhovor s viceguvernérom NBS M. Juskom o situácii v slovenskom bankovníctve. Podnikatelia, banky a úvery. Vysoké úroky, úplatkárstvo v bankovníctve. Devalvácia SK, menový vývoj a vývoj národného hospodárstva. Objem zahraničných investícií na Slovensku z ČR. | ||
| 610 | 2 | 0 | |a banky |
| 610 | 2 | 0 | |a NBS Bratislava |
| 610 | 2 | 0 | |a podnikatelia |
| 610 | 2 | 0 | |a úver bankový |
| 610 | 2 | 0 | |a úrok |
| 610 | 2 | 0 | |a devalvácia |
| 610 | 2 | 0 | |a stabilita meny |
| 610 | 2 | 0 | |a Slovensko |
| 100 | 1 | |a Jusko, Marián | |
| 700 | 1 | |a Zábojníková, M. | |